000 00596nam a2200241Ia 4500
003 OSt
005 20221005123820.0
006 a|||||r|||| 00| 0
007 ta
008 221004b |||||||| |||| 00| 0 tam d
024 _a50310
037 _cTextual
040 _aCRL
_cCRL
_btam
041 _2tam
_atam
082 _aO31,3NKO,6, J0
100 _aKothainayaki Au.
245 0 _aMalarntha idagh
260 _c1950
650 _a TAMIL LITERATURE
650 _aTAMIL FICTION
942 _hO31,3NKO,6, J0
_cTEXL
_2cc
999 _c1048567
_d1048567